Success With Writing: Grade 1 (Record no. 125792)

MARC details
000 -LÍDER
campo de controle de tamanho fixo 00673 a2200157 4500
001 - NÚMERO DE CONTROLE
campo de controle 125792
020 ## - ISBN - INTERNATIONAL STANDARD BOOK NUMBER
ISBN - International Standard Book Number 9780545200790
040 ## - FONTE DA CATALOGAÇÃO
Instituição que transcreveu o registro Escola Canadense de Niteroi
100 ## - ENTRADA PRINCIPAL--NOME PESSOAL
Nome pessoal Lisa Molengraft
245 10 - TÍTULO
Título Success With Writing: Grade 1
362 0# - DATAS DE PUBLICAÇÃO E/OU DESIGNAÇÃO SEQUENCIAL
Datas de publicação e/ou designação sequencial 2010
490 0# - TÍTULO DA SÉRIE
Título da série Success With Writing
520 ## - NOTA DE RESUMO, ETC
Resumo, etc. Give students the targeted, skill-building practice they need with these standards-based books! Each workbook includes more than 40 ready-to-reproduce practice pages. Easy-to-follow directions and fun exercises motivate students to work on their own. Every activity in each book is correlated to state standards.
650 #4 - ASSUNTO--TERMO TÓPICO
Cabeçalho tópico ou nome geográfico Education and Teaching
942 ## - ELEMENTOS DE ENTRADA ADICIONADOS (KOHA)
Tipo de material Koha Livros
Holdings
Situação do descarte Situação das perdas Situação física Não pode ser emprestado Biblioteca de origem Biblioteca atual Data de aquisição Total de empréstimos Código de barras Data de último acesso Data do preço efetivo Tipo de material Koha
        Canadian School of Niterói - Piratininga Canadian School of Niterói - Piratininga 09/02/2024   A14542 09/02/2024 09/02/2024 Livros